| 000 | 00362 a2200085 4500 | ||
|---|---|---|---|
| 999 |
_c20170 _d20170 |
||
| 003 | WA 310 | ||
| 005 | 20220304133903.0 | ||
| 008 | 220304s2002 pl ||||| |||| 00| 0 pol d | ||
| 020 | _a8323680590 | ||
| 040 |
_aWA 310 _cWA 310 |
||
| 041 |
_apol _heng |
||
| 245 | 0 | 0 |
_aDokumentacja techniczna wyrobu - Pismo - Część 5: Pismo alfabetu łacińskiego, cyfry i znaki w projektowaniu wspomaganym komputerowo (CAD) = _bTechnical product documentation - Lettering - Part 5: CAD lettering of the Latin alphabet, numerals and marks PN-EN ISO 3098-5:2002P / _cNKP nr 204. |
| 246 | 1 | 3 | _aPN-EN ISO 3098-5 |
| 246 | 1 | 3 | _aICS 01.100.01, 35.040.10 |
| 246 | 1 | 3 | _aPolska Norma |
| 246 | 3 | 1 | _aTechnical product documentation - Lettering - Part 5: CAD lettering of the Latin alphabet, numerals and marks (ISO 3098-5:1997) |
| 260 |
_aWarszawa : _bPKN, _c2002. |
||
| 300 |
_a67 stron ; _c30 cm. |
||
| 336 |
_2rdacontent _aTekst _btxt |
||
| 337 |
_2rdamedia _aBez urządzenia pośredniczącego _bn |
||
| 338 |
_2rdacarrier _aWolumin _bnc |
||
| 500 | _aWprowadza EN ISO 3098-5:1997, IDT, ISO 3098-5:1997, IDT ; Ustanowiona przez Polski Komitet Normalizacyjny dnia 14 maja 2002 r. | ||
| 500 | _aNorma Europejska EN ISO 3098-5:1997 ma status Polskiej Normy. | ||
| 710 |
_91107 _aPolska. _bPolski Komitet Normalizacyjny. _eInstytucja sprawcza _eWydawca |
||
| 920 | _a83-236-8059-0 | ||
| 942 |
_2ddc _cBK |
||